Normal view MARC view

Entry Geographic Name

Number of records used in: 1

001 - CONTROL NUMBER

  • control field: 644591

003 - CONTROL NUMBER IDENTIFIER

  • control field:

005 - DATE AND TIME OF LATEST TRANSACTION

  • control field: 20210603163853.0

008 - FIXED-LENGTH DATA ELEMENTS

  • fixed length control field: 210603|| aca||aabn | a|a d

040 ## - CATALOGING SOURCE

  • Original cataloging agency:
  • Transcribing agency:

151 ## - HEADING--GEOGRAPHIC NAME

  • Geographic name: Sikkim (India)
  • General subdivision: Politics and governmenty

670 ## - SOURCE DATA FOUND

  • Source citation: Work cat.: (): Sikkim (India). Legislative Assembly (1st : 1979-1984) 644589, Rules of procedure and conduct of business in Sikkim legislative assembly /, 1979
                                                                           
web counter

Copyright ©2020 The National Library of India, Govt. of India ↔ Hosted by NVLI, MOC ↔ Technology and Design by National Library of India, Ministry of Culture, Govt. of India